| 000 -LEADER |
| fixed length control field |
01881cam a22004698i 4500 |
| 001 - CONTROL NUMBER |
| control field |
21693994 |
| 005 - DATE AND TIME OF LATEST TRANSACTION |
| control field |
20250414194032.0 |
| 006 - FIXED-LENGTH DATA ELEMENTS--ADDITIONAL MATERIAL CHARACTERISTICS |
| fixed length control field |
m |o d | |
| 007 - PHYSICAL DESCRIPTION FIXED FIELD--GENERAL INFORMATION |
| fixed length control field |
cr ||||||||||| |
| 008 - FIXED-LENGTH DATA ELEMENTS--GENERAL INFORMATION |
| fixed length control field |
200827s2022 nyu jo 001 0 eng |
| 010 ## - LIBRARY OF CONGRESS CONTROL NUMBER |
| LC control number |
2020039317 |
| 020 ## - INTERNATIONAL STANDARD BOOK NUMBER |
| International Standard Book Number |
978-1260565812 |
| 020 ## - INTERNATIONAL STANDARD BOOK NUMBER |
| Canceled/invalid ISBN |
9781264067503 |
| Qualifying information |
(paperback) |
| 020 ## - INTERNATIONAL STANDARD BOOK NUMBER |
| Canceled/invalid ISBN |
9781264209637 |
| Qualifying information |
(loose-leaf edition) |
| 040 ## - CATALOGING SOURCE |
| Original cataloging agency |
DLC |
| Language of cataloging |
eng |
| Transcribing agency |
DLC |
| Description conventions |
rda |
| 042 ## - AUTHENTICATION CODE |
| Authentication code |
pcc |
| 050 00 - LIBRARY OF CONGRESS CALL NUMBER |
| Classification number |
HD62.4 |
| 082 00 - DEWEY DECIMAL CLASSIFICATION NUMBER |
| Classification number |
658.049 |
| Edition number |
23 |
| Author Mark |
HIL |
| 100 1# - MAIN ENTRY--PERSONAL NAME |
| Personal name |
Hill, Charles W. L., |
| Relator term |
author. |
| 9 (RLIN) |
61849 |
| 245 10 - TITLE STATEMENT |
| Title |
Global business today / |
| Statement of responsibility, etc. |
Charles W.L. Hill. |
| 250 ## - EDITION STATEMENT |
| Edition statement |
11th Edition |
| 260 ## - PUBLICATION, DISTRIBUTION, ETC. |
| Place of publication, distribution, etc. |
New York; |
| Name of publisher, distributor, etc. |
McGraw Hill LLC, |
| Date of publication, distribution, etc. |
2020 |
| 263 ## - PROJECTED PUBLICATION DATE |
| Projected publication date |
2101 |
| 264 #1 - PRODUCTION, PUBLICATION, DISTRIBUTION, MANUFACTURE, AND COPYRIGHT NOTICE |
| Place of production, publication, distribution, manufacture |
New York, NY : |
| Name of producer, publisher, distributor, manufacturer |
McGraw Hill LLC, |
| Date of production, publication, distribution, manufacture, or copyright notice |
2020 |
| 300 ## - PHYSICAL DESCRIPTION |
| Extent |
xxxiii, 530 p. |
| 336 ## - CONTENT TYPE |
| Content type term |
text |
| Content type code |
txt |
| Source |
rdacontent |
| 337 ## - MEDIA TYPE |
| Media type term |
computer |
| Media type code |
c |
| Source |
rdamedia |
| 338 ## - CARRIER TYPE |
| Carrier type term |
online resource |
| Carrier type code |
cr |
| Source |
rdacarrier |
| 500 ## - GENERAL NOTE |
| General note |
Includes index. |
| 504 ## - BIBLIOGRAPHY, ETC. NOTE |
| Linkage |
Includes Index |
| 520 ## - SUMMARY, ETC. |
| Summary, etc. |
"As part of the overall revision process, changes have been made to every chapter in the book. All statistics have been updated to incorporate the most recently available data. Important current events have been incorporated into the text and discussed at length"-- |
| Assigning source |
Provided by publisher. |
| 521 ## - TARGET AUDIENCE NOTE |
| Target audience note |
Ages 18+ |
| Source |
McGraw Hill LLC. |
| 563 ## - BINDING INFORMATION |
| Binding note |
PB |
| 588 ## - SOURCE OF DESCRIPTION NOTE |
| Source of description note |
Description based on print version record and CIP data provided by publisher; resource not viewed. |
| 650 #0 - SUBJECT ADDED ENTRY--TOPICAL TERM |
| Topical term or geographic name entry element |
International business enterprises |
| General subdivision |
Management. |
| 9 (RLIN) |
12563 |
| 650 #0 - SUBJECT ADDED ENTRY--TOPICAL TERM |
| Topical term or geographic name entry element |
International trade. |
| 650 #0 - SUBJECT ADDED ENTRY--TOPICAL TERM |
| Topical term or geographic name entry element |
Investments, Foreign. |
| 9 (RLIN) |
26324 |
| 650 #0 - SUBJECT ADDED ENTRY--TOPICAL TERM |
| Topical term or geographic name entry element |
Capital market. |
| 9 (RLIN) |
30147 |
| 776 08 - ADDITIONAL PHYSICAL FORM ENTRY |
| Relationship information |
Print version: |
| Main entry heading |
Hill, Charles W. L.. |
| Title |
Global business today |
| Edition |
12e. |
| Place, publisher, and date of publication |
New York, NY : McGraw Hill LLC, [2022] |
| International Standard Book Number |
9781264067503 |
| Record control number |
(DLC) 2020039316 |
| 906 ## - LOCAL DATA ELEMENT F, LDF (RLIN) |
| a |
7 |
| b |
cbc |
| c |
orignew |
| d |
1 |
| e |
ecip |
| f |
20 |
| g |
y-gencatlg |
| 942 ## - ADDED ENTRY ELEMENTS (KOHA) |
| Source of classification or shelving scheme |
|
| Koha item type |
Book |